| 000 | 02450cam a22005174i 4500 | ||
|---|---|---|---|
| 003 | PE-LiUPU | ||
| 005 | 20250731173109.0 | ||
| 008 | 181212s2018 miua rb 001 0 eng d | ||
| 020 | _a0801097754 | ||
| 020 | _a9780801097751 | ||
| 035 | _a(Sirsi) a251030 | ||
| 040 |
_aPE-LiUPU _bspa _cPE-LiUPU _erda |
||
| 049 | _aPRUA | ||
| 082 | 0 | 4 |
_a221.9 _bB3 _223 |
| 245 | 0 | 0 |
_aBehind the Scenes of the Old Testament : _bcultural, social, and historical contexts / _cedited by Jonathan S. Greer, John W. Hilber, and John H. Walton. |
| 264 | 1 |
_aGrand Rapids, Michigan : _bBaker Academic, a division of Baker Publishing Group, _c[2018] |
|
| 300 |
_axix, 615 páginas : _bilustraciones ; _c27 centímetros |
||
| 336 |
_atext _2rdacontent |
||
| 337 |
_aunmediated _2rdamedia |
||
| 338 |
_avolume _2rdacarrier |
||
| 504 | _aBibliografía : página 515-593. | ||
| 504 | _aÍndice : páginas 594-615. | ||
| 505 | 0 | _aThe stage: historical geography -- The sets and props: archaeology -- The scripts: ancient near eastern literature -- the frames: ancient neareastern iconography -- acts and scenes of the drama -- Acts: integrated approaches to broad historical contexts -- Scenes: Integrated approaches to Event-Based historical contexts -- Themes of the drama -- Good: integrated appoaches to themes in Israelite religion -- Family: integrated approaches to themes in family networks -- Sustenance: integrated approaches to themes in economic contexts -- Governance: integrated approaches to themes in social organization. | |
| 526 | _aSEG42 | ||
| 526 | _aSEG41 | ||
| 526 | _aSEG40 | ||
| 526 | _aSEG39 | ||
| 526 | _aP94 | ||
| 526 | _aP87 | ||
| 526 | _aP86 | ||
| 526 | _aP85 | ||
| 526 | _aP77 | ||
| 526 | _aP76 | ||
| 526 | _aP35 | ||
| 630 | 0 | 0 |
_aBible. _pOld Testament _xHistory of contemporary events. |
| 650 | 2 | 8 |
_aHistoria de los acontecimientos contemporáneos. _2fast _0(OCoLC)fst01865054 |
| 700 | 1 |
_aGreer, Jonathan S., _eeditor. |
|
| 700 | 1 |
_aHilber, John W., _eeditor. |
|
| 700 | 1 |
_aWalton, John H., _eeditor. |
|
| 910 |
_adbm _bsag _csag _d20181212 |
||
| 942 |
_2ddc _cBOOK |
||
| 994 |
_aC0 _bPEPRU |
||
| 596 | _a1 | ||
| 999 |
_a221.9 B3 _wDEWEY _c30483 _i79406 _d30483 _e2019-10-25 _f2021-11-9 _g4 _lCCODEBUL1 _mBUL _n3 _p30.00 _r0 _sY _tBOOK _u2018-12-12 _xTEOLOGIA _PP85 _0COMPRA _1FCOMPR2 _o.STAFF. Colección Teología |
||
| 980 |
_81 _gALBERTO SANCHEZ Responsable de Automatización |
||